000 00775nam a2200205 a 4500
003 0
005 20250526164224.0
008 021127s19uu xx 00 eng d
050 _aPGS LB 1065
_b.B982 2001
100 _aBustamante, Pierre Y.
245 _aA study on the perception of grade six students about their achievement qualities /
_cPierre Y. Bustamante.
260 _aLas PiƱas City, Philippines :
_bSouthville International School and Colleges,
_c2001.
300 _a37 pages :
_billustrations ;
_c28 cm.
504 _aIncludes bibliographical references.
650 _aAcademic achievement
_vPsychological aspects.
650 _aMotivation in education.
650 _aSelf-perception in children.
650 _aSixth grade (Education).
942 _2lcc
_cPASS
999 _c96515
_d96515